Statystyki dla Terra nullius - Wymień pozostałe ziemie niczyje! (ze wskazówkami)

Kliknij tutaj aby rozwiązać quiz!

Ogólne statystyki

  • Ten quiz został rozwiązany 13 razy
  • Średni wynik to 2 z 9

Statystyki odpowiedzi

nazwa obszaruodpowiadające mikronacjewskazówki% Poprawnych
Gornja SigaLiberland
nie roszczone ani przez Serbię ani Chorwację; libertariańska mikronacja z możliwą do odgadnięcia nazwą
75%
Przestrzeń kosmicznapoza ziemią
42%
Morze otwarte / wody międzynarodowepoza lądem
33%
Bir TawilSudan Północnynie roszczone ani przez Egipt ani Sudan
25%
RidOngalnie roszczone ani przez Serbię ani Chorwację (wskazówka: po angielsku: się czegoś pozbyć)
17%
Ziemia Marii Byrd Flandrensis / Westarcticana Antarktydzie
17%
Zakątek Dunaju 1Celestina / Enclava / Foundlandnie roszczone ani przez Serbię ani Chorwację; roszczenia trzech mikronacji (ich nazwy nawiązują do nieba, enklawy oraz jednej z kanadyjskich prowincji)
0%
Zakątek Dunaju 2 / Gorno PodunavieOngalnie roszczone ani przez Serbię ani Chorwację (bułgarska mikronacja - jej nazwa nawiązuje do ważnej dla wczesnych Bułgarów bitwy przeciwko Bizancjum, rok 680)
0%
Zakątek Dunaju 3 / Dolno PodunavieOngalnie roszczone ani przez Serbię ani Chorwację (spokojne miejsce położone na uboczu - trzecie z nich)
0%

Rozkład punktacji

Percentyl według liczby udzielonych odpowiedzi

Procent ludzi z każdym wynikiem

Twoja historia wyników

Nie rozwiązałeś tego quizu